000 00821cam a22002651 4500
001 sa 65009683
003 DLC
005 20260227112203.0
008 940713m19581963ii 000 1 beno
010 _asa 65009683
025 _aPL480:I-B-2046
035 _a(OCoLC)30759501
040 _aDLC
_cCU
_dCU
_dDLC
041 1 _aben
_hrus
050 0 0 _aPG376.S52
_bT482
100 1 _aSholokhov, Mikhail Aleksandrovich,
_d1905-1984.
245 1 0 _aSāgare milāẏa D̤ana.
260 _c[1958-63]
300 _a2 v.
_c22 cm.
500 _aIn Bengali.
500 _aA novel.
500 _aTranslation of The Don flows home to sea, an English translation of the second part of the author's Tikhil̆ Don.
650 0 _aWorld War, 1914-1918
_vFiction.
651 0 _aSoviet Union
_xHistory
_yRevolution, 1917-1921
_vFiction.
999 _c66352
_d66352